Central Library OPAC University of Rajshahi

An introduction to genetic analysis / (Record no. 36846)

MARC details
000 -LEADER
fixed length control field 01281nam a22003974a 4500
001 - CONTROL NUMBER
control field 36846
003 - CONTROL NUMBER IDENTIFIER
rucl marc code BD-RjUL
005 - DATE AND TIME OF LATEST TRANSACTION
control field 20211209052541.0
008 - FIXED-LENGTH DATA ELEMENTS--GENERAL INFORMATION
fixed length control field 140916s2000 nyua sb 001 0 eng d
020 ## - INTERNATIONAL STANDARD BOOK NUMBER
International Standard Book Number 9780716735205
International Standard Book Number 0716735202
International Standard Book Number 9780716737711
International Standard Book Number 071673771X
International Standard Book Number 9780716735274 (CDROM)
International Standard Book Number 071673527X (CDROM)
035 ## - SYSTEM CONTROL NUMBER
System control number (WaSeSS)ssj0000578171
040 ## - CATALOGING SOURCE
Original cataloging agency DLC
Transcribing agency DLC
Modifying agency C#P
-- COU
-- DNLM
-- WaSeSS
Language of cataloging eng
041 ## - LANGUAGE CODE
Language code of text/sound track or separate title eng
060 00 - NATIONAL LIBRARY OF MEDICINE CALL NUMBER
Classification number 2000 M-182
Classification number QH 430
Item number I608 2000
082 00 - DEWEY DECIMAL CLASSIFICATION NUMBER
Classification number 576.5
Edition number 21
245 03 - TITLE STATEMENT
Title An introduction to genetic analysis /
Statement of responsibility, etc. Anthony J.F. Griffiths ... [et al.].
250 ## - EDITION STATEMENT
Edition statement 7th ed.
260 ## - PUBLICATION, DISTRIBUTION, ETC. (IMPRINT)
Place of publication, distribution, etc. New York :
Name of publisher, distributor, etc. W.H. Freeman,
Date of publication, distribution, etc. c2000.
300 ## - PHYSICAL DESCRIPTION
Pagination xvii, 860 p. :
Illustrations ill. ;
Size 29 cm.
500 ## - GENERAL NOTE
General note CD-ROM contains animated illustrations of topics in text and is formated for both Windows and Macintosh computers.
504 ## - BIBLIOGRAPHY, ETC. NOTE
Bibliography, etc Includes bibliographical references (p. 799-805) and index.
506 ## - RESTRICTIONS ON ACCESS NOTE
Terms governing access License restrictions may limit access.
650 12 - SUBJECT ADDED ENTRY--TOPICAL TERM
Topical term or geographic name as entry element Genetics
9 (RLIN) 112399
Topical term or geographic name as entry element Genetic Techniques
9 (RLIN) 39270
700 1# - ADDED ENTRY--PERSONAL NAME
Personal name Griffiths, Anthony J. F.
773 #0 - HOST ITEM ENTRY
Title NCBI Bookshelf
942 ## - ADDED ENTRY ELEMENTS (KOHA)
Source of classification or shelving scheme Dewey Decimal Classification
Koha item type Books
Holdings
Lost status Source of classification or shelving scheme Damaged status Not for loan Permanent Location Current Location Shelving location Date acquired Source of acquisition Cost, normal purchase price Total Checkouts Full call number Date last seen Copy number Koha item type
  Dewey Decimal Classification   Not For Loan Institute of Biological Sciences (IBSc) Library Institute of Biological Sciences (IBSc) Library   16/09/2014 Karim Internatinal 2630.00   576.5 INT 2000 16/09/2014 C-2 Books